Implementation of land reforms; (Record no. 78399)
[ view plain ]
| 000 -LEADER | |
|---|---|
| fixed length control field | 00695nam a22002171 4500 |
| 001 - CONTROL NUMBER | |
| control field | sa 68002035 |
| 003 - CONTROL NUMBER IDENTIFIER | |
| control field | DLC |
| 005 - DATE AND TIME OF LATEST TRANSACTION | |
| control field | 20260227112439.0 |
| 008 - FIXED-LENGTH DATA ELEMENTS--GENERAL INFORMATION | |
| fixed length control field | 710903s1967 ii 00010 eng |
| 010 ## - LIBRARY OF CONGRESS CONTROL NUMBER | |
| LC control number | sa 68002035 |
| 025 ## - OVERSEAS ACQUISITION NUMBER | |
| Overseas acquisition number | PL480:I-E-9253 |
| 043 ## - GEOGRAPHIC AREA CODE | |
| Geographic area code | a-ii--- |
| 050 0# - LIBRARY OF CONGRESS CALL NUMBER | |
| Classification number | HD876 |
| Item number | .A47 |
| 082 ## - DEWEY DECIMAL CLASSIFICATION NUMBER | |
| Classification number | 333/.00954 |
| 110 10 - MAIN ENTRY--CORPORATE NAME | |
| Corporate name or jurisdiction name as entry element | India (Republic). |
| Subordinate unit | Land Reforms Implementation Committee. |
| 245 10 - TITLE STATEMENT | |
| Title | Implementation of land reforms; |
| Statement of responsibility, etc. | a review by the Land Reforms Implementation Committee of the National Development Council. |
| 260 0# - PUBLICATION, DISTRIBUTION, ETC. | |
| Place of publication, distribution, etc. | New Delhi, |
| Name of publisher, distributor, etc. | Planning Commission, |
| Date of publication, distribution, etc. | 1966 [i.e. 1967] |
| 300 ## - PHYSICAL DESCRIPTION | |
| Extent | 283 p. |
| Dimensions | 28 cm. |
| 350 ## - PRICE (NR) (BK AM CF MU VM SE) [OBSOLETE] | |
| Price | Rs5.25 |
| -- | $1.89 |
| 650 #0 - SUBJECT ADDED ENTRY--TOPICAL TERM | |
| Topical term or geographic name entry element | Land tenure |
| Geographic subdivision | India. |
No items available.